[Event "SVK-ch Rapid"]
[Site "Podbanske"]
[Date "2023.09.30"]
[Round "3"]
[White "Vojta, Tomas"]
[Black "Horacek, Michal"]
[Result "1-0"]
[WhiteElo "2311"]
[BlackElo "2089"]
[PlyCount "57"]
[EventDate "2023.09.30"]
[EventType "tourn (rapid)"]
[EventRounds "10"]
[EventCountry "SVK"]
[SourceTitle "EXT 2024"]
[Source "ChessBase"]
[SourceDate "2023.10.10"]
[SourceVersion "1"]
[SourceVersionDate "2023.10.10"]
[SourceQuality "1"]

1. e4 c5 2. f4 Nc6 3. Nf3 e6 4. Qe2 Nf6 5. d3 Be7 6. g3 a6 7. Bg2 b5 8. c3 Bb7 9. 0-0 Rc8 10. h3 d5 11. e5 Nd7 12. Be3 Nb6 13. Nbd2 Na4 14. Rab1 b4 15. c4 d4 16. Bf2 Nb6 17. Ne4 Qc7 18. g4 Rd8 19. Bg3 Nc8 20. f5 exf5 21. gxf5 Qb6 22. f6 Bf8 23. Nfg5 Rd7 24. Nd6+ Nxd6 25. exd6+ Kd8 26. fxg7 Bxg7 27. Nxf7+ Rxf7 28. Rxf7 Re8 29. Bh4+ 1-0

[Event "Pardubice Region-chT 2223"]
[Site "Czech Republic"]
[Date "2023.04.02"]
[Round "11.2"]
[White "Horacek, Michal"]
[Black "Pejrimovsky, Tadeas Rubel"]
[Result "1-0"]
[WhiteElo "2083"]
[BlackElo "1787"]
[PlyCount "85"]
[EventDate "2022.10.09"]
[EventType "team-tourn"]
[EventRounds "11"]
[EventCountry "CZE"]
[SourceTitle "EXT 2024"]
[Source "ChessBase"]
[SourceDate "2023.10.10"]
[SourceVersion "1"]
[SourceVersionDate "2023.10.10"]
[SourceQuality "1"]

1. e4 c5 2. Nf3 e6 3. d4 cxd4 4. Nxd4 Nf6 5. Nc3 d6 6. g4 a6 7. g5 Nfd7 8. Be3 b5 9. Qd2 Bb7 10. f3 Qc7 11. 0-0-0 Nc6 12. Kb1 Rc8 13. Bd3 Be7 14. h4 Nxd4 15. Bxd4 e5 16. Be3 Nb6 17. Qf2 Nc4 18. Bxc4 Qxc4 19. h5 a5 20. Nd5 Bxd5 21. Rxd5 a4 22. b3 Qc6 23. Qd2 0-0 24. f4 Rfd8 25. f5 f6 26. h6 axb3 27. cxb3 g6 28. gxf6 Bxf6 29. fxg6 hxg6 30. Rf1 Bh8 31. Qg2 Qe8 32. Qe2 Rc3 33. Bd2 Rc5 34. Qd3 Qc6 35. h7+ Kxh7 36. Qh3+ Kg7 37. Qh6+ Kg8 38. Qxg6+ Bg7 39. Qe6+ Kh8 40. Rh1+ Bh6 41. Rxh6+ Kg7 42. Qf6+ Kg8 43. Rh8# 1-0

[Event "Pardubice Region-chT 2223"]
[Site "Czech Republic"]
[Date "2023.02.26"]
[Round "9.2"]
[White "Horacek, Michal"]
[Black "Smutny, Jan"]
[Result "1-0"]
[WhiteElo "2046"]
[BlackElo "2186"]
[PlyCount "81"]
[EventDate "2022.10.09"]
[EventType "team-tourn"]
[EventRounds "11"]
[EventCountry "CZE"]
[SourceTitle "EXT 2024"]
[Source "ChessBase"]
[SourceDate "2023.10.10"]
[SourceVersion "1"]
[SourceVersionDate "2023.10.10"]
[SourceQuality "1"]

1. e4 e5 2. Nf3 Nc6 3. Bb5 a6 4. Ba4 Nf6 5. d3 d6 6. c3 Bg4 7. Nbd2 Be7 8. h3 Bh5 9. Nf1 b5 10. Bc2 d5 11. Qe2 d4 12. Ng3 Bg6 13. 0-0 0-0 14. Nh4 dxc3 15. bxc3 Bc5 16. Nhf5 b4 17. Ba4 Ne7 18. cxb4 Bxb4 19. Ne3 Nd7 20. Bb2 Nb6 21. Bb3 Nc6 22. Nd5 Bd6 23. Rac1 Nd4 24. Bxd4 exd4 25. f4 Kh8 26. Nxb6 cxb6 27. e5 Ba3 28. Rce1 f5 29. exf6 Qxf6 30. f5 Qh4 31. Qg4 Qxg4 32. hxg4 Be8 33. Ne4 Bb5 34. Rf3 Rac8 35. Ng5 h6 36. Nf7+ Kh7 37. g5 g6 38. fxg6+ Kxg6 39. Re6+ Kh7 40. Bd5 Bxd3 41. Rxd3 1-0

[Event "Pardubice Region-chT 2223"]
[Site "Czech Republic"]
[Date "2022.12.11"]
[Round "5.2"]
[White "Horacek, Michal"]
[Black "Moravec, Jakub"]
[Result "1-0"]
[WhiteElo "2024"]
[BlackElo "1673"]
[PlyCount "61"]
[EventDate "2022.10.09"]
[EventType "team-tourn"]
[EventRounds "11"]
[EventCountry "CZE"]
[SourceTitle "EXT 2024"]
[Source "ChessBase"]
[SourceDate "2023.10.10"]
[SourceVersion "1"]
[SourceVersionDate "2023.10.10"]
[SourceQuality "1"]

1. e4 e5 2. Nf3 Nc6 3. Bb5 a6 4. Ba4 Nf6 5. d3 b5 6. Bb3 Be7 7. 0-0 d6 8. h3 Na5 9. Qe2 Nxb3 10. axb3 c5 11. Bd2 Bb7 12. Ba5 Qc8 13. b4 c4 14. Nc3 0-0 15. dxc4 bxc4 16. Rad1 Qc6 17. Rfe1 Bd8 18. Nh2 Bxa5 19. bxa5 Rad8 20. Ng4 Nxg4 21. Qxg4 Bc8 22. Qh4 Be6 23. Nd5 Qc5 24. Nf6+ gxf6 25. Re3 Qxe3 26. fxe3 f5 27. Qg5+ Kh8 28. Qf6+ Kg8 29. exf5 Bc8 30. e4 Bb7 31. Re1 1-0

[Event "Pardubice Region-chT 2223"]
[Site "Czech Republic"]
[Date "2022.11.27"]
[Round "4.2"]
[White "Prax, Ivo"]
[Black "Horacek, Michal"]
[Result "1/2-1/2"]
[WhiteElo "1998"]
[BlackElo "2091"]
[PlyCount "70"]
[EventDate "2022.10.09"]
[EventType "team-tourn"]
[EventRounds "11"]
[EventCountry "CZE"]
[SourceTitle "EXT 2024"]
[Source "ChessBase"]
[SourceDate "2023.10.10"]
[SourceVersion "1"]
[SourceVersionDate "2023.10.10"]
[SourceQuality "1"]

1. e4 c5 2. Nf3 Nc6 3. d4 cxd4 4. Nxd4 e6 5. Nc3 a6 6. a3 Qc7 7. Be2 Nf6 8. 0-0 Nxd4 9. Qxd4 Bc5 10. Qd3 0-0 11. Be3 b6 12. Qd2 Bb7 13. Bxc5 Qxc5 14. Bd3 d5 15. exd5 exd5 16. Rfe1 Rfe8 17. Rxe8+ Rxe8 18. Re1 Rxe1+ 19. Qxe1 d4 20. Ne4 Bxe4 21. Bxe4 g6 22. Bd3 a5 23. g3 h5 24. h3 Kg7 25. Kh2 h4 26. gxh4 Qd6+ 27. Kg2 Qf4 28. Qe2 Qxh4 29. Qe5 Kh7 30. Qc7 Qg5+ 31. Kh2 Kg7 32. Bc4 Qh4 33. Qxf7+ Kh6 34. Kg1 Qg5+ 35. Kh2 Qf4+ 1/2-1/2

[Event "Brno op"]
[Site "Brno"]
[Date "2022.11.13"]
[Round "2"]
[White "Horacek, Michal"]
[Black "Owczarek, Monika"]
[Result "1/2-1/2"]
[WhiteElo "2086"]
[BlackElo "1491"]
[PlyCount "80"]
[EventDate "2022.11.12"]
[EventType "swiss"]
[EventRounds "9"]
[EventCountry "CZE"]
[SourceTitle "CBM 211 Extra"]
[Source "ChessBase"]
[SourceDate "2023.01.31"]
[SourceVersion "1"]
[SourceVersionDate "2023.01.31"]
[SourceQuality "1"]

1. d4 Nf6 2. Nf3 g6 3. g3 Bg7 4. Bg2 0-0 5. 0-0 d6 6. c4 Nbd7 7. Nc3 c5 8. e3 Rb8 9. b3 a6 10. Bb2 b5 11. cxb5 axb5 12. Qc2 Qb6 13. Rfd1 Bb7 14. d5 b4 15. Na4 Qc7 16. e4 Nb6 17. e5 Nfxd5 18. exd6 exd6 19. Bxg7 Kxg7 20. Qb2+ Kg8 21. Nxb6 Qxb6 22. Qd2 Kg7 23. Nh4 Ne7 24. Qxd6 Qxd6 25. Rxd6 Bxg2 26. Kxg2 Rfd8 27. Rxd8 Rxd8 28. Rc1 Rc8 29. Nf3 Nd5 30. Ne5 Nc3 31. a4 Ne2 32. Re1 Nd4 33. Re3 Re8 34. Nc4 Rxe3 35. fxe3 Nxb3 36. a5 Nxa5 37. Nxa5 f5 38. Kf3 Kf6 39. Nc4 h5 40. e4 fxe4+ 1/2-1/2

[Event "CZE-chT2D 1920"]
[Site "Czech Republic"]
[Date "2019.12.01"]
[Round "4.3"]
[White "Sedivy, Martin"]
[Black "Horacek, Michal"]
[Result "0-1"]
[WhiteElo "2167"]
[BlackElo "2110"]
[PlyCount "92"]
[EventDate "2019.10.13"]
[EventType "team-tourn"]
[EventRounds "11"]
[EventCountry "CZE"]
[SourceTitle "EXT 2024"]
[Source "ChessBase"]
[SourceDate "2023.10.10"]
[SourceVersion "1"]
[SourceVersionDate "2023.10.10"]
[SourceQuality "1"]
[WhiteTeam "Lipa"]
[BlackTeam "Vysoke Myto"]
[WhiteTeamCountry "CZE"]
[BlackTeamCountry "CZE"]

1. d4 Nf6 2. c4 g6 3. Nc3 Bg7 4. Nf3 0-0 5. Bf4 d6 6. Qd2 Na6 7. Bh6 c5 8. Bxg7 Kxg7 9. e3 Bg4 10. Be2 Rc8 11. b3 cxd4 12. Nxd4 Bxe2 13. Ndxe2 Qa5 14. Rd1 Nc5 15. 0-0 Rfd8 16. Qb2 Kg8 17. Nf4 Ncd7 18. Ncd5 Re8 19. h4 b5 20. Nxf6+ Nxf6 21. Nd5 bxc4 22. Nxf6+ exf6 23. Rxd6 c3 24. Qc2 Kg7 25. Rfd1 Re5 26. Rd7 Qa3 27. Kh2 Re7 28. Rxe7 Qxe7 29. Rd3 Qe4 30. h5 g5 31. h6+ Kxh6 32. f4 Rc5 33. b4 Qxb4 34. fxg5+ fxg5 35. Rd4 Qb8+ 36. Kh1 Qg3 37. Rd7 Qe1+ 38. Kh2 Qh4+ 39. Kg1 Kg7 40. Qb3 Qe1+ 41. Kh2 Qf2 42. Qa3 Qxe3 43. Qxa7 Qf4+ 44. Kh1 Rc4 45. g3 Qf1+ 46. Kh2 Re4 0-1

[Event "CZE-chT2D 1617"]
[Site "Czech Republic"]
[Date "2017.01.29"]
[Round "7.2"]
[White "Novotny, Michal"]
[Black "Horacek, Michal"]
[Result "0-1"]
[WhiteElo "2278"]
[BlackElo "2151"]
[PlyCount "82"]
[EventDate "2016.10.09"]
[EventType "team-tourn"]
[EventRounds "11"]
[EventCountry "CZE"]
[SourceTitle "EXT 2022"]
[Source "ChessBase"]
[SourceDate "2021.10.06"]
[SourceVersion "1"]
[SourceVersionDate "2021.10.06"]
[SourceQuality "1"]
[WhiteTeam "Polabiny II"]
[BlackTeam "Vysoke Myto"]
[WhiteTeamCountry "CZE"]
[BlackTeamCountry "CZE"]

1. d4 Nf6 2. Nf3 g6 3. Nc3 d5 4. Bf4 Bg7 5. e3 0-0 6. Be2 c5 7. Ne5 Nc6 8. h4 Be6 9. h5 Rc8 10. hxg6 hxg6 11. Nxc6 Rxc6 12. Be5 Qa5 13. dxc5 Qxc5 14. Bb5 Rcc8 15. Bd4 Qd6 16. f4 a6 17. Be2 Rfd8 18. Bf3 b5 19. a3 Rc4 20. Qd2 Rdc8 21. Be5 Qb6 22. 0-0 a5 23. Rfc1 b4 24. axb4 axb4 25. Ne2 Bf5 26. Nd4 Ne4 27. Bxe4 Bxe4 28. Bxg7 Kxg7 29. Kf2 Qf6 30. Kg1 Rh8 31. Qf2 e5 32. b3 Rcc8 33. Nb5 Rc5 34. c4 dxc4 35. bxc4 exf4 36. exf4 Rg5 37. Ra6 Qxf4 38. Qd4+ Re5 39. Rf1 Rh1+ 40. Kxh1 Qxf1+ 41. Kh2 Qxg2# 0-1

[Event "Pardubice Czech op-A 27th"]
[Site "Pardubice"]
[Date "2016.07.25"]
[Round "4"]
[White "Sylvan, Jacob"]
[Black "Horacek, Michal"]
[Result "1-0"]
[WhiteElo "2342"]
[BlackElo "2128"]
[PlyCount "79"]
[EventDate "2016.07.22"]
[EventType "swiss"]
[EventRounds "9"]
[EventCountry "CZE"]
[SourceTitle "CBM 173 Extra"]
[Source "ChessBase"]
[SourceDate "2016.08.29"]
[SourceVersion "1"]
[SourceVersionDate "2016.08.29"]
[SourceQuality "1"]

1. e4 e5 2. Nf3 Nc6 3. Bb5 a6 4. Ba4 Nf6 5. 0-0 Be7 6. Re1 b5 7. Bb3 0-0 8. d3 d6 9. c3 Na5 10. Bc2 c5 11. Nbd2 Nc6 12. Nf1 Re8 13. Ng3 Bf8 14. h3 g6 15. d4 cxd4 16. cxd4 Bb7 17. d5 Nb4 18. Bb1 a5 19. Qe2 Qd7 20. a3 Na6 21. Bd3 Nc7 22. Bd2 Reb8 23. Rec1 Nfe8 24. Rc2 b4 25. axb4 axb4 26. Rxa8 Bxa8 27. b3 Ng7 28. Ra2 f5 29. Ra7 Qc8 30. Bc4 Nge8 31. exf5 gxf5 32. Ng5 Nf6 33. Nh5 Nce8 34. Ne6 Bxd5 35. Nxf6+ Nxf6 36. Bxd5 Nxd5 37. Nxf8 Kxf8 38. Bh6+ Kg8 39. Qd3 Qe6 40. Qg3+ 1-0

[Event "Pardubice Czech op-B 25th"]
[Site "Pardubice"]
[Date "2014.07.25"]
[Round "8"]
[White "Solovyev, Anton"]
[Black "Horacek, Michal"]
[Result "1-0"]
[WhiteElo "2021"]
[BlackElo "2094"]
[PlyCount "53"]
[EventDate "2014.07.18"]
[EventType "swiss"]
[EventRounds "9"]
[EventCountry "CZE"]
[SourceTitle "EXT 2015"]
[Source "ChessBase"]
[SourceDate "2014.11.20"]
[SourceVersion "1"]
[SourceVersionDate "2014.11.20"]
[SourceQuality "1"]

1. e4 d5 2. exd5 Nf6 3. d4 Nxd5 4. c4 Nb6 5. Nf3 Bf5 6. Be2 e6 7. Nc3 Be7 8. Ne5 0-0 9. Be3 N8d7 10. Nxd7 Qxd7 11. Qd2 c6 12. 0-0-0 e5 13. dxe5 Qe6 14. g4 Bg6 15. Bxb6 axb6 16. f4 Rfd8 17. Qe3 Bc5 18. Qg3 f5 19. Rxd8+ Rxd8 20. Rd1 Rxd1+ 21. Kxd1 Kf8 22. h3 Ke8 23. Kd2 Bd4 24. gxf5 Bxf5 25. Qxg7 Bxh3 26. Ne4 Qg6 27. Bh5 1-0

[Event "Sunny Beach op 10th"]
[Site "Sunny Beach"]
[Date "2011.09.04"]
[Round "9"]
[White "Horacek, Michal"]
[Black "Angelov, Angel Y"]
[Result "0-1"]
[WhiteElo "2004"]
[BlackElo "2203"]
[PlyCount "40"]
[EventDate "2011.08.27"]
[EventType "swiss"]
[EventRounds "9"]
[EventCountry "BUL"]
[SourceTitle "CBM 144 Extra"]
[Source "ChessBase"]
[SourceDate "2011.10.28"]
[SourceVersion "1"]
[SourceVersionDate "2011.10.28"]
[SourceQuality "1"]

1. d4 c5 2. e3 Nf6 3. Nf3 e6 4. Bd3 d5 5. b3 Be7 6. 0-0 0-0 7. Bb2 b6 8. Ne5 Bb7 9. a3 a6 10. Nd2 Nc6 11. f4 b5 12. dxc5 Bxc5 13. Qf3 Rc8 14. Qh3 Nxe5 15. fxe5 Ne4 16. Bxe4 dxe4 17. Rad1 Qg5 18. Rde1 Bb6 19. c4 Rfd8 20. Re2 Rxd2 0-1

[Event "Sunny Beach op 10th"]
[Site "Sunny Beach"]
[Date "2011.08.29"]
[Round "3"]
[White "Horacek, Michal"]
[Black "Nguyen, Michael"]
[Result "1-0"]
[WhiteElo "2004"]
[BlackElo "2190"]
[PlyCount "49"]
[EventDate "2011.08.27"]
[EventType "swiss"]
[EventRounds "9"]
[EventCountry "BUL"]
[SourceTitle "CBM 144 Extra"]
[Source "ChessBase"]
[SourceDate "2011.10.28"]
[SourceVersion "1"]
[SourceVersionDate "2011.10.28"]
[SourceQuality "1"]

1. d4 Nf6 2. Nf3 e6 3. e3 c5 4. Bd3 b6 5. 0-0 Bb7 6. c4 cxd4 7. exd4 Be7 8. Nc3 d5 9. cxd5 Nxd5 10. Ne5 0-0 11. Qh5 Nf6 12. Qh4 Ne4 13. Qf4 Nxc3 14. bxc3 Nd7 15. Nxd7 Qxd7 16. Re1 Rac8 17. Re3 Rfd8 18. Bxh7+ Kf8 19. Rh3 Bd6 20. Qg4 f5 21. Qg5 Be7 22. Qg3 Qd5 23. Bg6 Bd6 24. Bg5 Kg8 25. Rh8+ 1-0

[Event "Sunny Beach op 10th"]
[Site "Sunny Beach"]
[Date "2011.08.28"]
[Round "2"]
[White "Mitkov, Marjan"]
[Black "Horacek, Michal"]
[Result "1/2-1/2"]
[WhiteElo "2363"]
[BlackElo "2004"]
[PlyCount "134"]
[EventDate "2011.08.27"]
[EventType "swiss"]
[EventRounds "9"]
[EventCountry "BUL"]
[SourceTitle "CBM 144 Extra"]
[Source "ChessBase"]
[SourceDate "2011.10.28"]
[SourceVersion "1"]
[SourceVersionDate "2011.10.28"]
[SourceQuality "1"]

1. d4 d6 2. e4 Nf6 3. Nc3 e5 4. Nf3 Nbd7 5. Bc4 Be7 6. 0-0 0-0 7. Re1 c6 8. a4 h6 9. a5 Qc7 10. h3 Re8 11. Bd2 Nf8 12. d5 Ng6 13. Qc1 Bf8 14. Bb3 Bd7 15. a6 b5 16. dxc6 Bxc6 17. Nh2 Rad8 18. Ng4 Nxg4 19. hxg4 Qc8 20. f3 Ne7 21. Be3 Qa8 22. Ra5 d5 23. Nxb5 Bxb5 24. Rxb5 dxe4 25. Rb7 exf3 26. gxf3 Qc8 27. Bxa7 Qc6 28. Qe3 Qxa6 29. Qb6 Qxb6+ 30. Bxb6 Rb8 31. Rxb8 Rxb8 32. Bc7 Rc8 33. Bxe5 Nc6 34. Bc3 Bc5+ 35. Kg2 Bd4 36. Bd5 Bxc3 37. bxc3 Kf8 38. Re3 Nb8 39. Kf2 Nd7 40. Ke2 Nc5 41. c4 Re8 42. Kd2 Rxe3 43. Kxe3 Ke7 44. Kd4 Ne6+ 45. Ke5 Nc5 46. Bc6 Ne6 47. Kd5 Nf4+ 48. Kc5 Ne6+ 49. Kd5 Nf4+ 50. Ke5 Ne6 51. Bd5 Nc5 52. f4 g6 53. f5 Nd7+ 54. Kd4 gxf5 55. gxf5 h5 56. c5 h4 57. Bg2 f6 58. c6 Nb6 59. Kc5 Na4+ 60. Kd5 Nc3+ 61. Kd4 Nb5+ 62. Ke3 Kd6 63. Kf4 Nd4 64. Kg4 Nxc2 65. Kxh4 Ne3 66. Be4 Nxf5+ 67. Bxf5 Kxc6 1/2-1/2

[Event "CZE-chT2C 1011"]
[Site "Czech Republic"]
[Date "2011.03.27"]
[Round "10.6"]
[White "Horacek, Michal"]
[Black "Jezbera, Jiri"]
[Result "1/2-1/2"]
[WhiteElo "1948"]
[BlackElo "2190"]
[PlyCount "77"]
[EventDate "2010.10.17"]
[EventType "team-tourn"]
[EventRounds "11"]
[EventCountry "CZE"]
[SourceTitle "EXT 2012"]
[Source "ChessBase"]
[SourceDate "2011.11.24"]
[SourceVersion "1"]
[SourceVersionDate "2011.11.24"]
[SourceQuality "1"]
[WhiteTeam "Pardubice Bohemia"]
[BlackTeam "Hradec Kralove II"]
[WhiteTeamCountry "CZE"]
[BlackTeamCountry "CZE"]

1. d4 Nf6 2. Nf3 g6 3. Nc3 Bg7 4. e4 d6 5. Be3 0-0 6. Qd2 Re8 7. 0-0-0 c6 8. Bh6 Bh8 9. h4 Bg4 10. Bd3 e5 11. dxe5 dxe5 12. Ne2 Nbd7 13. Qc3 Qe7 14. Ng5 Nc5 15. f3 Nxd3+ 16. Rxd3 Be6 17. a3 b5 18. Nxe6 Qxe6 19. Rhd1 Qa2 20. Qxc6 Qa1+ 21. Kd2 Qxb2 22. Ke1 Bg7 23. Bg5 Nh5 24. g4 Nf4 25. Nxf4 exf4 26. Bxf4 Bf6 27. g5 Be5 28. Rb3 Rac8 29. Qxc8 Rxc8 30. Rxb2 Bxb2 31. Rd5 a6 32. Rd6 a5 33. Rb6 Rxc2 34. Rxb5 f6 35. Rb8+ Kf7 36. Rb7+ Kg8 37. Rb8+ Kf7 38. Rb7+ Kg8 39. Rb8+ 1/2-1/2

[Event "CZE-chT2C 1011"]
[Site "Czech Republic"]
[Date "2011.01.09"]
[Round "5.8"]
[White "Horacek, Michal"]
[Black "Stolba, Milos"]
[Result "1-0"]
[WhiteElo "1948"]
[BlackElo "2093"]
[PlyCount "73"]
[EventDate "2010.10.17"]
[EventType "team-tourn"]
[EventRounds "11"]
[EventCountry "CZE"]
[SourceTitle "EXT 2012"]
[Source "ChessBase"]
[SourceDate "2011.11.24"]
[SourceVersion "1"]
[SourceVersionDate "2011.11.24"]
[SourceQuality "1"]
[WhiteTeam "Pardubice Bohemia"]
[BlackTeam "Kutna Hora"]
[WhiteTeamCountry "CZE"]
[BlackTeamCountry "CZE"]

1. d4 d5 2. Nf3 Nf6 3. e3 Bf5 4. c4 e6 5. cxd5 exd5 6. Qb3 Qc8 7. Bd2 a5 8. Nc3 c6 9. Rc1 Nbd7 10. Nh4 Be6 11. Bd3 Qb8 12. f4 g6 13. 0-0 Bd6 14. h3 Ne4 15. Nxe4 dxe4 16. Bc4 Bxc4 17. Qxc4 Be7 18. Be1 Qd8 19. g3 Nb6 20. Qc2 Bxh4 21. gxh4 f5 22. Qc5 Nd5 23. Bf2 Ra6 24. Kh2 Qe7 25. Qc4 Qb4 26. Qe2 Qa4 27. a3 Qb3 28. Rg1 Kf7 29. h5 Nf6 30. Rc5 Rb6 31. Rg2 Qxb2 32. Qc4+ Kg7 33. Bh4 Qb3 34. h6+ Kxh6 35. Bxf6 Qxe3 36. Rxf5 Rb3 37. Rh5+ 1-0

[Event "CZE-chT2C 1011"]
[Site "Czech Republic"]
[Date "2010.12.05"]
[Round "4.7"]
[White "Horacek, Michal"]
[Black "Snorek, Milan"]
[Result "1-0"]
[WhiteElo "1948"]
[BlackElo "2143"]
[PlyCount "79"]
[EventDate "2010.10.17"]
[EventType "team-tourn"]
[EventRounds "11"]
[EventCountry "CZE"]
[SourceTitle "EXT 2012"]
[Source "ChessBase"]
[SourceDate "2011.11.24"]
[SourceVersion "1"]
[SourceVersionDate "2011.11.24"]
[SourceQuality "1"]
[WhiteTeam "Pardubice Bohemia"]
[BlackTeam "Jicin II"]
[WhiteTeamCountry "CZE"]
[BlackTeamCountry "CZE"]

1. d4 d5 2. Nf3 Nf6 3. e3 e6 4. Bd3 c5 5. b3 Nc6 6. 0-0 a6 7. Bb2 Be7 8. Nbd2 0-0 9. Ne5 cxd4 10. exd4 Nxe5 11. dxe5 Nd7 12. c4 Nc5 13. Bc2 a5 14. Re1 b6 15. Re3 Bg5 16. Rh3 h6 17. Nf3 dxc4 18. Nxg5 Qxg5 19. Rg3 Qh4 20. Rg4 Qe7 21. Qf3 Bb7 22. Qg3 g5 23. h4 Nd3 24. Bc3 Kh8 25. hxg5 Rg8 26. bxc4 Nb4 27. Bxb4 axb4 28. Qh3 Rg7 29. Qxh6+ Kg8 30. Rh4 Kf8 31. g6 b3 32. Bxb3 Qxh4 33. Qxh4 Rxg6 34. Rd1 Kg7 35. Rd8 Rxd8 36. Qxd8 Bxg2 37. Kh2 Be4 38. Qxb6 f5 39. exf6+ Rxf6 40. Qd4 1-0

[Event "Kesarovski Georgiev Memorial 9th"]
[Site "Sunny Beach"]
[Date "2010.09.03"]
[Round "7"]
[White "Kosturski, Ivan"]
[Black "Horacek, Michal"]
[Result "0-1"]
[WhiteElo "1794"]
[BlackElo "1996"]
[PlyCount "97"]
[EventDate "2010.08.28"]
[EventType "swiss"]
[EventRounds "9"]
[EventCountry "BUL"]
[SourceTitle "CBM 138 Extra"]
[Source "ChessBase"]
[SourceDate "2010.10.29"]
[SourceVersion "1"]
[SourceVersionDate "2010.10.29"]
[SourceQuality "1"]

1. g3 d6 2. Bg2 e5 3. d3 f5 4. c4 Nf6 5. Nc3 c6 6. Bg5 Be7 7. h3 0-0 8. f4 Nh5 9. h4 Nxg3 10. Rh3 Nh5 11. e3 Nf6 12. Rg3 Ng4 13. Bh3 h6 14. Bxe7 Qxe7 15. Qf3 Nd7 16. 0-0-0 Ndf6 17. Bg2 Bd7 18. Nge2 Rae8 19. Rd2 Kh8 20. Rh3 h5 21. Ng3 g6 22. Nf1 Be6 23. b3 Bg8 24. Kb2 a6 25. Qg3 Kg7 26. Rh1 exf4 27. exf4 Qd7 28. Bf3 Re7 29. Nd1 d5 30. c5 d4 31. Nh2 Re6 32. Rg2 Qe7 33. Rc2 Nd7 34. b4 a5 35. a3 axb4 36. axb4 b6 37. Bxg4 hxg4 38. Nxg4 Qf7 39. Ne5 Nxe5 40. fxe5 Rxe5 41. h5 Qa2+ 42. Kc1 Qa1+ 43. Kd2 Bf7 44. cxb6 Qa3 45. Rxc6 Qxb4+ 46. Kc1 Rc5+ 47. Rxc5 Qxc5+ 48. Kb1 Qxb6+ 49. Nb2 0-1

[Event "Kesarovski Georgiev Memorial 9th"]
[Site "Sunny Beach"]
[Date "2010.09.01"]
[Round "5"]
[White "Dalmau, Jorgen Mikael"]
[Black "Horacek, Michal"]
[Result "1-0"]
[WhiteElo "2138"]
[BlackElo "1996"]
[PlyCount "75"]
[EventDate "2010.08.28"]
[EventType "swiss"]
[EventRounds "9"]
[EventCountry "BUL"]
[SourceTitle "CBM 138 Extra"]
[Source "ChessBase"]
[SourceDate "2010.10.29"]
[SourceVersion "1"]
[SourceVersionDate "2010.10.29"]
[SourceQuality "1"]

1. e4 d6 2. d4 Nf6 3. Nc3 e5 4. Nf3 Nbd7 5. Bc4 Be7 6. 0-0 0-0 7. h3 c6 8. a4 a5 9. Re1 Nb6 10. Bb3 Nfd7 11. Be3 exd4 12. Nxd4 Nc5 13. Nf5 Bxf5 14. exf5 Nxb3 15. cxb3 Nd7 16. Qf3 d5 17. g4 Re8 18. Rad1 Bf6 19. Ne2 Qe7 20. Qg2 Qe4 21. Qxe4 Rxe4 22. Nc3 Rb4 23. g5 Be7 24. Nxd5 cxd5 25. Rxd5 Nf8 26. Bd2 Rd8 27. Rxd8 Bxd8 28. Bxb4 axb4 29. h4 h6 30. Re8 Bc7 31. g6 Bd6 32. Kf1 b6 33. h5 Bc5 34. Ke2 Bd4 35. f3 Bc5 36. Kd3 Bd6 37. Kc4 Bc5 38. Kb5 1-0

[Event "Kesarovski Georgiev Memorial 9th"]
[Site "Sunny Beach"]
[Date "2010.08.31"]
[Round "4"]
[White "Horacek, Michal"]
[Black "Yakimenko, Anna"]
[Result "0-1"]
[WhiteElo "1996"]
[BlackElo "2091"]
[PlyCount "50"]
[EventDate "2010.08.28"]
[EventType "swiss"]
[EventRounds "9"]
[EventCountry "BUL"]
[SourceTitle "CBM 138 Extra"]
[Source "ChessBase"]
[SourceDate "2010.10.29"]
[SourceVersion "1"]
[SourceVersionDate "2010.10.29"]
[SourceQuality "1"]

1. d4 Nf6 2. Nf3 e6 3. e3 c5 4. Bd3 Nc6 5. 0-0 Be7 6. c4 0-0 7. Nc3 d5 8. b3 b6 9. Bb2 Nb4 10. Be2 Bb7 11. a3 Nc6 12. Rc1 Rc8 13. dxc5 bxc5 14. cxd5 exd5 15. Na4 Ne4 16. Nd2 Nxd2 17. Qxd2 Na5 18. Nxc5 Bxc5 19. Rxc5 Rxc5 20. Qd4 Qf6 21. Qxc5 Qxb2 22. Bf3 Ba6 23. Re1 Nxb3 24. Qxa7 Bc4 25. g3 Nd2 0-1

[Event "CZE-chT2D 0910"]
[Site "Czech Republic"]
[Date "2010.04.18"]
[Round "11.3"]
[White "Horacek, Michal"]
[Black "Daniel, Martin"]
[Result "1/2-1/2"]
[WhiteElo "2004"]
[BlackElo "2101"]
[PlyCount "28"]
[EventDate "2009.10.18"]
[EventType "team-tourn"]
[EventRounds "11"]
[EventCountry "CZE"]
[SourceTitle "EXT 2012"]
[Source "ChessBase"]
[SourceDate "2011.11.24"]
[SourceVersion "1"]
[SourceVersionDate "2011.11.24"]
[SourceQuality "1"]
[WhiteTeam "Pardubice Bohemia"]
[BlackTeam "Litomysl"]
[WhiteTeamCountry "CZE"]
[BlackTeamCountry "CZE"]

1. f4 d5 2. Nf3 Nf6 3. e3 e6 4. b3 Be7 5. Bb2 c5 6. Bb5+ Bd7 7. a4 a6 8. Be2 Nc6 9. 0-0 0-0 10. Ne5 Rc8 11. Qe1 Re8 12. d3 Bf8 13. Nd2 g6 14. Ndf3 Bg7 1/2-1/2

[Event "Kesarovski Georgiev Memorial 8th"]
[Site "Sunny Beach"]
[Date "2009.09.11"]
[Round "6"]
[White "Maneva, Ani"]
[Black "Horacek, Michal"]
[Result "0-1"]
[WhiteElo "1951"]
[BlackElo "2004"]
[PlyCount "82"]
[EventDate "2009.09.07"]
[EventType "swiss"]
[EventRounds "9"]
[EventCountry "BUL"]
[SourceTitle "CBM 132 Extra"]
[Source "ChessBase"]
[SourceDate "2009.11.03"]
[SourceVersion "1"]
[SourceVersionDate "2009.11.03"]
[SourceQuality "1"]

1. e4 e6 2. Nc3 c5 3. f4 d5 4. e5 h5 5. Nf3 Nh6 6. d4 Nc6 7. Ne2 Qb6 8. c3 cxd4 9. cxd4 Nf5 10. a3 Bd7 11. b4 a5 12. bxa5 Rxa5 13. Qd3 Bb4+ 14. Kf2 Be7 15. Bd2 Ra4 16. Rb1 Qa7 17. Qb5 Nfxd4 18. Qxb7 Nxf3+ 19. Qxa7 Rxa7 20. gxf3 Rxa3 21. Be3 0-0 22. Rg1 Na5 23. Nd4 Bh4+ 24. Ke2 Nc4 25. Bc1 Ra2+ 26. Kd3 Rfa8 27. Be2 Bf2 28. Rg2 Bh4 29. Rb7 Bc8 30. Rb1 Ba6 31. Kc3 Be1+ 32. Kb3 Ra5 33. Bxc4 Bxc4+ 34. Kc2 Rc8 35. Kd1 Bc3 36. Ne2 Ra2 37. Rxg7+ Kxg7 38. Nxc3 Rxh2 39. Bd2 Bd3 40. Rb3 Ra8 41. Bc1 Bc2+ 0-1